000 00632nam a2200229Ia 4500
003 GCL
008 140319s9999 xx 000 0 ara d
040 _aGCL /
_cGCL
082 0 4 _a372.5
_bم ط
100 1 _aمحمود البسيونى
245 1 0 _aطرق تعليم الفنون /
_cمحمود البسيونى
260 _a[S.N] :
_bدار المعارف ،
_c1988
300 _a345 ص
490 _a
650 0 4 _aالتربية
650 0 4 _aالنحت
650 0 4 _aالفنون
650 0 4 _aالرسم
650 0 4 _aالتربية الفنية
650 0 4 _aالفنون- طرق تدريس
942 _2ddc
_cBK
999 _c28384
_d28384